| 000 | 00493nam a22001691a 4500 | ||
|---|---|---|---|
| 020 | _c0.00 | ||
| 040 | _aNEGST Library - Kenya | ||
| 050 | _aBS 325.M38 1970 | ||
| 100 | _aHohenberger, Johannes | ||
| 245 |
_aOsotua Ng'ejuk : 1 Olaitoriani o Olaitop _h[Text] |
||
| 260 |
_bEvangelical Lutheran Ch _c1970 |
||
| 300 | _a439 p.; | ||
| 500 | _a[Africana] | ||
| 600 | _aBible. N. T. Maasai - Texts | ||
| 852 | _935.00 | ||
| 999 |
_c43771 _d43747 |
||